1463 1244 1512 1219 1680 1979 1980 1045 1414 1523 1514 1040 1588 1051 1870 1730 1229 1342 1666 1790 1450 1437 1754 1687 1855 1424 1360 1899 1521 1446 1931 1723 1150 1901 1628 1161 1459 1507 1080 1380 1403 1304 1269 1712 1152 1180 1334 1242 1970 1300 1834 1675 1060 1505 1376 1076 1690 1543 1583 1749 1413 1819 1834 1231 1204 1399 1994 1330 1255 1194 1721 1410 1651 1370 1208 1970 1048 1369 1850 1685 1132 1091 1157 1178 1257 1044 1643 1389 1408 1527 1879 1238 1285 1810 1207 1189 1578 1465 1703 BCNSPRNW ULIB Ver.6.0+V

เปลี่ยนเป็นภาษาไทย

Change to English
 แสดงรายละเอียดบรรณานุกรม
  กลับหน้าหลัก

Brief Record : Get Marc (ISO 2709) : E-mail record : QR code < ปิดหน้าต่าง
LEADER : 00000nam 2200000uu 4500
001    13399128031
003     ULIB
008    220113s2562||||th 000 0 tha d
020    ^a9786163932266
060    ^aWS125^bม686
110    ^aมูลนิธิศูนย์นมแม่แห่งประเทศไทย
245    ^aก้าวข้าม 5 อุปสรรคให้ลูกรักได้กินนมแม่ตั้งแต่แรกคลอด ฉบับประชาชน
250    ^aพิมพ์ครั้งที่ 1
260    ^aกรุงเทพฯ :^bสำนักงานกองทุนสนับสนุนการสร้างเสริมสุขภาพ,^c2562
300    ^a120 หน้า;^b26 ซม.
650    ^aการเลี้ยงลูกด้วยนมแม่
945    ^p0^l0^i008573
945    ^p0^l0^i008572
945    ^p0^l0^i008571
999    ^aประนอม เกษจรัล
รายการนี้ยังไม่มีแท็ก
คุณยังไม่ได้ล็อกอิน คุณสามารถมีกิจกรรมร่วมกับเว็บไซต์ได้ แต่ต้องล็อกอินก่อน ::
  ล็อกอิน

รายการสื่อสารสนเทศ

ลำดับที่ ประเภท เลขเรียก/บาร์โค้ด สถานที่ สถานะ
1. วิทยาศาสตร์การแพทย์ และสุขภาพ
หนังสือสำรอง
สถานะ=หนังสือสำรอง
WS125 ม686 ฉ.1 
  Barcode: 008571
ห้องสมุดวิทยาเขตสวรรค์ประชารักษ์
►หนังสือทั่วไป
บนชั้น
2. วิทยาศาสตร์การแพทย์ และสุขภาพ
วิทยาศาสตร์การแพทย์ และสุขภาพ
WS125 ม686 ฉ.2 
  Barcode: 008572
ห้องสมุดวิทยาเขตสวรรค์ประชารักษ์
►หนังสือทั่วไป
บนชั้น
3. วิทยาศาสตร์การแพทย์ และสุขภาพ
วิทยาศาสตร์การแพทย์ และสุขภาพ
WS125 ม686 ฉ.3 
  Barcode: 008573
ห้องสมุดวิทยาเขตสวรรค์ประชารักษ์
►หนังสือทั่วไป
บนชั้น

รายการใกล้เคียง
    หัวเรื่อง [การเลี้ยงลูกด้วยนมแม่]

BibComment


ยังไม่เคยถูกคอมเมนท์

คอมเมนท์ทรัพยากรรายการนี้
  คอมเมนท์: ก้าวข้าม 5 อุปสร..


 Copyright 2026. Bcnsprnw @Library